000 01148nam a2200289 a 4500
001 000048283
005 20240530073936.0
008 181212s2009 dr a r 000 0 spa d
020 _a9789945020731
040 _aDO-SdBNP
_bspa
_cBNPHU
082 _aRD868.3
_bC352e, 2009
100 1 _aCastillo, Rafael Justino,
_d1861-1933
_931937
245 1 0 _aEscritos reunidos :
_bensayos, 1887-1907 /
_cRafael J. Castillo; editor Andrés Blanco Díaz.
260 _aSanto Domingo :
_bArchivo General de la Nación,
_c2009.
300 _a318 p. :
_bil. ;
_c23 cm.
490 _aArchivo General de la Nación
_v97
500 _aIncluye referencias bibliográficas y notas al pie de las páginas
500 _aIncluye índice onomástico
590 _aInventariado, 2019/BT
650 4 _aCastillo, rafael justino,
_d1861-1933
_xColección de escritos
_931938
651 4 _aRepública Dominicana
_xLegislación
_910538
651 4 _aRepública Dominicana
_xHistoria
_9170
650 0 _aEnsayos dominicanos
_965
700 1 _aBlanco Díaz, Andrés
_eed.
_9172
830 0 _aArchivo General de la Nación
_n97
_975711
910 _aValidado. Control de calidad. MFF
999 _c47771
_d47771